| 000 | 00816nam a2200253 a 4500 | ||
|---|---|---|---|
| 001 | 69862 | ||
| 003 | BD-RjUL | ||
| 005 | 20211209081932.0 | ||
| 008 | 170413r19651964nyua b 001 0 eng d | ||
| 035 | _a(BD-RjUL)70074 | ||
| 040 |
_aDLC _cWSU _dIUD _dBD-RjUL _beng |
||
| 041 | _aeng | ||
| 082 |
_a547 _223 _bCHE 1965 |
||
| 245 | 0 | 0 |
_aChelating agents and metal chelates / _cedited by F.P. Dwyer, D.P. Mellor. |
| 260 |
_aNew York ; _aLondon : _bAcademic Press, _c1964, [Reprinted 1965] |
||
| 300 |
_axv, 530 p. : _bill. ; _c24 cm. |
||
| 504 | _aIncludes bibliographies and index. | ||
| 650 | 0 |
_aChemistry, Organic. _9206910 |
|
| 651 |
_aChelates. _9206911 |
||
| 700 | 1 |
_aDwyer, Francis P. J., _d1910-1962. _9206912 |
|
| 700 | 1 |
_aMellor, D. P. _q(David Power), _d1903- _9206913 |
|
| 942 |
_2ddc _cBK |
||
| 999 |
_c69862 _d69862 |
||